Kadra reprezentacji Polski - MŚ 2002 - Statystyki

Ogólne statystyki
  • Ten quiz został rozwiązany 75 razy
  • Średni wynik to 16 z 24
Statystyki odpowiedzi
Nr Zawodnik Poz % Poprawnych
1 Jerzy Dudek BR
98%
11 Emmanuel Olisadebe NA
91%
14 Marcin Żewłakow NA
86%
4 Michał Żewłakow OB
86%
6 Tomasz Hajto OB
84%
18 Jacek Krzynówek PO
81%
12 Radosław Majdan BR
78%
# Jerzy Engel Trener
77%
19 Maciej Żurawski NA
77%
17 Arkadiusz Bąk PO
75%
20 Jacek Bąk OB
75%
9 Paweł Kryszałowicz NA
69%
15 Tomasz Wałdoch OB
69%
10 Radosław Kałużny PO
63%
7 Piotr Świerczewski PO
59%
2 Tomasz Kłos OB
58%
22 Adam Matysek BR
56%
21 Marek Koźmiński OB
56%
13 Arkadiusz Głowacki OB
53%
8 Cezary Kucharski NA
44%
23 Paweł Sibik PO
41%
5 Tomasz Rząsa PO
39%
3 Jacek Zieliński OB
38%
16 Maciej Murawski PO
27%
Nie znaleziono quizów pasujących do podanych kryteriów
Rozkład punktacji
Procent ludzi z każdym wynikiem
Percentyl według liczby udzielonych odpowiedzi
Twoja historia wyników
Nie rozwiązałeś tego quizu